000
00293nam a2200109 a 4500
005
20140408090012.0
008
021114s19uu xx 00 eng d
050
_a
PGS '99
_b
ARI #6
100
_a
Ariki, Ma. Greta P.
245
_a
Benefits of varsity affiliation to student of SIS.
942
_c
PASS
999
_c
96160
_d
96160